The JCT major project form (Record no. 110437)

MARC details
000 -LEADER
fixed length control field 01478cam a22002895a 4500
001 - CONTROL NUMBER
control field 149239
008 - FIXED-LENGTH DATA ELEMENTS--GENERAL INFORMATION
fixed length control field 030702n2008 000 0 eng u
020 ## - INTERNATIONAL STANDARD BOOK NUMBER
International Standard Book Number 9780470680568
035 ## - SYSTEM CONTROL NUMBER
System control number (Sirsi) u149239
041 ## - LANGUAGE CODE
Language code of text/sound track or separate title eng
050 ## - LIBRARY OF CONGRESS CALL NUMBER
Classification number 692.8
-- 18
100 1# - MAIN ENTRY--PERSONAL NAME
Personal name Jones, Neil F.
245 34 - TITLE STATEMENT
Title The JCT major project form
Medium [electronic resource]
260 ## - PUBLICATION, DISTRIBUTION, ETC.
Name of publisher, distributor, etc. Wiley-Blackwell
Date of publication, distribution, etc. 2008
300 ## - PHYSICAL DESCRIPTION
Extent eBook
520 ## - SUMMARY, ETC.
Summary, etc. The "Major project form" is suitable for: experienced users who require limited procedural provisions in the contract form and have their own in-house procedures; experienced knowledgeable contractors who can put in place a proper system of risk; and significant projects in terms of size and complexity. Contains: general obligations; time; control; valuation and payment; indemnities and insurance; assignment and third party rights; default and dispute resolution; and communications and definitions. Also contains a copy of the attestation, the third party rights schedule, and the pricing document.
590 ## - LOCAL NOTE (RLIN)
Local note NB
590 ## - LOCAL NOTE (RLIN)
Local note NB
650 ## - SUBJECT ADDED ENTRY--TOPICAL TERM
Topical term or geographic name entry element MPF 2003
650 24 - SUBJECT ADDED ENTRY--TOPICAL TERM
Topical term or geographic name entry element EBOOK
650 ## - SUBJECT ADDED ENTRY--TOPICAL TERM
Topical term or geographic name entry element MAJOR PROJECTS
650 ## - SUBJECT ADDED ENTRY--TOPICAL TERM
Topical term or geographic name entry element BUILT ENVIRONMENT-BUILDING CONTRACT FORMS-STANDARD FORMS OF BUILDING CONTRACT-JOINT CONTRACTS TRIBUNAL CONTRACTS
651 #4 - SUBJECT ADDED ENTRY--GEOGRAPHIC NAME
Geographic name ENGLAND AND WALES
690 ## - LOCAL SUBJECT ADDED ENTRY--TOPICAL TERM (OCLC, RLIN)
Topical term or geographic name as entry element BUILT ENVIRONMENT-BUILDING CONTRACT FORMS
856 48 - ELECTRONIC LOCATION AND ACCESS
Uniform Resource Identifier <a href="https://www.vlebooks.com/">https://www.vlebooks.com/</a>
Public note View on VLEbooks. Logins for members only from [email protected]
942 ## - ADDED ENTRY ELEMENTS (KOHA)
Suppress in OPAC 0
Holdings
Withdrawn status Lost status Source of classification or shelving scheme Damaged status Not for loan Home library Current library Shelving location Date acquired Cost, normal purchase price Total Checkouts Full call number Barcode Date last seen Copy number Cost, replacement price Price effective from Koha item type
    Dewey Decimal Classification     Virtual Virtual Online 09/02/2010 101.14   EBOOK 149239-2002 06/08/2019 2 101.14 06/08/2019 Book